Профессор Волдемар Янович Фрицберг (Запись № 5042262)

Подробности
000 -МАРКЕР
контрольное поле 01393nam0a22003251 4500
001 - ИДЕНТИФИКАТОР ЗАПИСИ
контрольное поле rc\899571
005 - ИДЕНТИФИКАТОР ВЕРСИИ
контрольное поле 20260406154108.0
035 ## - ДРУГИЕ СИСТЕМНЫЕ НОМЕРА
Идентификатор записи (NLR Aleph) 006075393
100 ## - ДАННЫЕ ОБЩЕЙ ОБРАБОТКИ
Данные общей обработки 20041129d1983 |||y0rusy50 ca
101 0# - ЯЗЫК РЕСУРСА
Язык текста, звукозаписи и т.д. русский
102 ## - СТРАНА ПУБЛИКАЦИИ ИЛИ ПРОИЗВОДСТВА
Страна публикации российская федерация
105 ## - ПОЛЕ КОДИРОВАННЫХ ДАННЫХ: ТЕКСТОВЫЕ МАТЕРИАЛЫ, МОНОГРАФИЧЕСКИЕ
Кодированные данные о монографическом текстовом документе a |||||||||
200 1# - ЗАГЛАВИЕ И СВЕДЕНИЯ ОБ ОТВЕТСТВЕННОСТИ
Основное заглавие Профессор Волдемар Янович Фрицберг
Сведения, относящиеся к заглавию Персон. библиогр. указ.
Первые сведения об ответственности [Сост. И. Зиле
Последующие сведения об ответственности Вступ. ст. А. Штернберга]
210 ## - ПУБЛИКАЦИЯ, РАСПРОСТРАНЕНИЕ И ДР.
Место издания, распространения и т.д. Рига
Имя издателя, распространителя и т. д. ЛГУ
Дата издания, распространения и т.д. 1983
215 ## - ФИЗИЧЕСКАЯ ХАРАКТЕРИСТИКА
Специфическое обозначение материала и объем 86 с., 1 л. портр.
Размеры 20
225 1# - СЕРИЯ
Основное заглавие серии Ученые Латвийского государственного университета им. П. Стучки
Сведения об ответственности ... Науч. б-ка
300 ## - ОБЩИЕ ПРИМЕЧАНИЯ
Текст примечания Загл. обл.: В.Я. Фирцберг
300 ## - ОБЩИЕ ПРИМЕЧАНИЯ
Текст примечания Загл. также: латыш.
300 ## - ОБЩИЕ ПРИМЕЧАНИЯ
Текст примечания Вступ. ст. парал.: латыш., рус.
512 0# - ЗАГЛАВИЕ ОБЛОЖКИ
Заглавие обложки В. Я. Фрицберг
600 #1 - ИМЯ ЛИЦА КАК ПРЕДМЕТ
Начальный элемент ввода Фрицберг
Часть имени, кроме начального элемента ввода В.Я.
Расширение инициалов личного имени Волдемар Янович
Код системы psbo
702 #1 - ИМЯ ЛИЦА - ВТОРИЧНАЯ ОТВЕТСТВЕННОСТЬ
Начальный элемент ввода Зиле
Часть имени, кроме начального элемента ввода И.Я.
Расширение инициалов личного имени Илона Язеповна
Код отношения Составитель
712 02 - НАИМЕНОВАНИЕ ОРГАНИЗАЦИИ - ВТОРИЧНАЯ ОТВЕТСТВЕННОСТЬ
Начальный элемент ввода Латвийский государственный университет
Идентифицирующий признак Рига
Структурное подразделение Научная библиотека
Идентификатор авторитетной/нормативной записи RU\NLR\AUTH\889929444
Системный номер авторитетной/нормативной записи 354424
801 #0 - ИСТОЧНИК ЗАПИСИ
Страна российская федерация
Организация NLR
Правила каталогизации psbo
801 #1 - ИСТОЧНИК ЗАПИСИ
Страна российская федерация
Организация ELAR
Источник данных rusmarc
852 ## - МЕСТОНАХОЖДЕНИЕ И ШИФР ХРАНЕНИЯ
Идентификатор организации NLR
Наименование фонда или коллекции (Sub-Location Identifier) ОНЛ
942 ## - ДОПОЛНИТЕЛЬНЫЕ ЭЛЕМЕНТЫ ЗАПИСИ (АБИС)
Тип экземпляра АБИС Книга
980 ## - КОЛЛЕКЦИЯ
Название коллекции Национальная библиография
Экземпляры
Тип экземпляра Дата поступления Библиотека постоянного хранения Библиотека текущего хранения Место хранения Шифр хранения Штрих-код Статус не для выдачи
Книга 26.10.2013 РНБ (Московский) РНБ (Московский) Фонд национальных литератур ОНЛ 6075393-10